[Event "Chessable Masters GpB"]
[Site "chess24.com INT"]
[Date "2020.06.21"]
[Round "1.1"]
[White "Caruana, F"]
[Black "Ding Liren"]
[Result "1/2-1/2"]
[WhiteElo "2835"]
[BlackElo "2791"]
[EventDate "2020.06.21"]
[WhiteTitle "GM"]
[BlackTitle "GM"]
[WhiteFideId "2020009"]
[BlackFideId "8603677"]

1.d4 Nf6 2.c4 e6 3.Nc3 Bb4 4.e3 O-O 5.Ne2 Re8 6.a3 Bf8 7.Ng3 d5 8.Bd3 dxc4
9.Bxc4 c5 10.O-O cxd4 11.exd4 Nc6 12.Be3 b6 13.Nh5 Bb7 14.Bg5 Be7 15.Bxf6 
Bxf6 16.d5 exd5 17.Nxf6+ Qxf6 18.Bxd5 Rad8 19.Qa4 a6 20.Rad1 b5 21.Qg4 Bc8
22.Qg3 Nd4 23.Rfe1 Rxe1+ 24.Rxe1 Be6 25.h3 h6 26.Bb7 a5 27.Qc7 b4 28.axb4 
axb4 29.Ne4 Qh4 30.Nc5 Qg5 31.Ne4 Qh4 32.Ng3 Nb5 33.Qc5 Nd6 34.Bf3 b3 35.
Rd1 Nc4 36.Nf5 Bxf5 37.Qxf5 Nxb2 38.Rxd8+ Qxd8 39.Bd5 Qf6 40.Qg4 g6 41.Qe2
Kg7 42.Bxb3 Qc3 43.Bc2 Nc4 44.g3 1/2-1/2

[Event "Chessable Masters GpB"]
[Site "chess24.com INT"]
[Date "2020.06.21"]
[Round "2.3"]
[White "Caruana, F"]
[Black "Nepomniachtchi, I"]
[Result "1-0"]
[WhiteElo "2835"]
[BlackElo "2784"]
[EventDate "2020.06.21"]
[WhiteTitle "GM"]
[BlackTitle "GM"]
[WhiteFideId "2020009"]
[BlackFideId "4168119"]

1.c4 Nf6 2.Nc3 e5 3.g3 d5 4.cxd5 Nxd5 5.Bg2 Nb6 6.d3 Be7 7.Be3 O-O 8.Rc1 
Re8 9.Nf3 Nc6 10.O-O Bf8 11.Bg5 Qd7 12.a3 h6 13.Bd2 Qd8 14.Ne4 a5 15.Nc5 
a4 16.Qc2 Ra7 17.Rfe1 Nd4 18.Nxd4 exd4 19.e4 dxe3 20.Bxe3 c6 21.Ne4 Be6 
22.Bc5 Ra8 23.Bxf8 Rxf8 24.Nc5 Bc8 25.Re4 Re8 26.Rce1 Rxe4 27.Rxe4 Ra5 28.
h3 Kf8 29.d4 Ra8 30.Re1 g6 31.Qd2 Kg7 32.Qf4 Nd7 33.Ne4 Ra5 34.Nd6 Nf6 35.
Re8 Qd7 36.Rxc8 g5 37.Qd2 Ra6 38.Qb4 c5 39.dxc5 Rxd6 40.cxd6 Qxc8 41.Bxb7 
Qxh3 42.Qxa4 h5 43.Qd4 Qd7 44.Bf3 h4 45.gxh4 gxh4 46.Qxh4 Qf5 47.Kg2 Kf8 
48.a4 Qg6+ 49.Qg3 Qf5 50.b4 Nd5 51.Qg4 Qe5 52.Qc8+ Kg7 53.Qg4+ Kf8 54.d7 
Ke7 55.Qe4 Qxe4 56.Bxe4 Nxb4 57.Bf5 Nc6 58.Kf3 Kd6 59.Kf4 f6 60.Be4 Nd8 
61.Kf5 Kxd7 62.Kxf6 Kd6 63.a5 Ne6 64.a6 1-0

[Event "Chessable Masters GpB"]
[Site "chess24.com INT"]
[Date "2020.06.21"]
[Round "4.2"]
[White "Giri, A"]
[Black "Nepomniachtchi, I"]
[Result "1/2-1/2"]
[WhiteElo "2764"]
[BlackElo "2784"]
[EventDate "2020.06.21"]
[WhiteTitle "GM"]
[BlackTitle "GM"]
[WhiteFideId "24116068"]
[BlackFideId "4168119"]

1.d4 Nf6 2.c4 e6 3.Nf3 d5 4.g3 Be7 5.Bg2 O-O 6.O-O dxc4 7.Qc2 a6 8.a4 Bd7 
9.Qxc4 Bc6 10.Bg5 Nbd7 11.Nc3 h6 12.Bxf6 Nxf6 13.b4 Bd5 14.Nxd5 exd5 15.
Qb3 c6 16.e3 Bd6 17.Rfd1 Re8 18.b5 axb5 19.axb5 Rxa1 20.Rxa1 Qb6 21.Ne1 
Ne4 22.Bxe4 dxe4 23.Rb1 c5 24.Nc2 cxd4 25.Nxd4 Be5 26.Qd5 Bxd4 27.Qxd4 
Qxd4 28.exd4 Rd8 29.Rc1 Rxd4 30.Rc8+ Kh7 31.Rc7 b6 32.Rxf7 e3 33.fxe3 Rd5 
34.Rb7 Rxb5 35.Kg2 Kg6 36.Kf3 Kf6 37.h4 h5 38.Kf4 Rf5+ 39.Ke4 Re5+ 40.Kf4 
Rf5+ 41.Ke4 Re5+ 42.Kf4 Rf5+ 1/2-1/2

[Event "Chessable Masters GpA"]
[Site "chess24.com INT"]
[Date "2020.06.22"]
[Round "10.2"]
[White "Carlsen, M"]
[Black "Artemiev, V"]
[Result "1/2-1/2"]
[WhiteElo "2863"]
[BlackElo "2716"]
[EventDate "2020.06.20"]
[WhiteTitle "GM"]
[BlackTitle "GM"]
[WhiteFideId "1503014"]
[BlackFideId "24101605"]

1.Nf3 Nf6 2.c4 g6 3.Nc3 d5 4.cxd5 Nxd5 5.h4 Nxc3 6.bxc3 Bg7 7.h5 O-O 8.
hxg6 hxg6 9.Ba3 Re8 10.e4 Nd7 11.Bc4 c5 12.d4 b5 13.Bxb5 Qa5 14.Qa4 Qxc3+ 
15.Ke2 Nb6 16.Qb3 Qxb3 17.axb3 Bd7 18.Bxd7 Nxd7 19.Rhd1 Rab8 20.Rab1 cxd4 
21.Nxd4 Rb6 22.b4 Nf6 23.f3 Nh5 24.b5 Bxd4 25.Rxd4 a6 26.Rd7 e5 27.Ke3 
Rxb5 28.Rxb5 axb5 29.Rb7 Rc8 30.Bb4 Rc2 31.Rxb5 Rb2 32.Rb8+ Kh7 33.Bd6 
Rxb8 34.Bxb8 f6 35.g4 Nf4 36.g5 Kg7 37.gxf6+ Kxf6 38.Bc7 Ne6 39.Bb8 Nf4 
40.Bc7 Ne6 41.Bb8 Nf4 1/2-1/2

[Event "Chessable Masters GpA"]
[Site "chess24.com INT"]
[Date "2020.06.22"]
[Round "7.1"]
[White "Carlsen, M"]
[Black "Harikrishna, P"]
[Result "1/2-1/2"]
[WhiteElo "2863"]
[BlackElo "2719"]
[EventDate "2020.06.20"]
[WhiteTitle "GM"]
[BlackTitle "GM"]
[WhiteFideId "1503014"]
[BlackFideId "5007003"]

1.d4 Nf6 2.Nf3 g6 3.Bf4 Bg7 4.e3 O-O 5.Be2 d6 6.O-O Nfd7 7.c4 e5 8.Bg3 Nc6
9.Nc3 exd4 10.exd4 Nf6 11.h3 Bf5 12.d5 Ne7 13.Nd4 Ne4 14.Nxf5 gxf5 15.Bd3 
Bxc3 16.bxc3 Ng6 17.Qf3 Qg5 18.h4 Nxh4 19.Bxh4 Qxh4 20.Qxf5 Nf6 21.g3 Qh6 
22.Kg2 Rfe8 23.Rh1 Qg7 24.Qf4 h5 25.c5 Re5 26.cxd6 cxd6 27.Rae1 Nxd5 28.
Qf3 Qg4 29.Rxe5 Qxf3+ 30.Kxf3 dxe5 31.Rxh5 Re8 32.c4 Nc3 33.Be4 b6 34.a3 
Nxe4 35.Kxe4 Rc8 36.Kd3 Rc5 37.Kc3 Kg7 38.a4 f6 39.Rh1 Rc7 40.Rd1 Kg6 41.
Rd5 Kf5 42.a5 bxa5 43.Rxa5 Ke4 44.Ra6 Rf7 45.Rd6 Kf3 46.Rd2 Rc7 47.Kb4 
Rb7+ 48.Kc5 e4 49.Kd6 Rh7 50.c5 Rh2 51.Rd5 Rxf2 52.Rf5+ Kxg3 53.Rxf2 Kxf2 
54.c6 e3 55.c7 e2 56.c8=Q e1=Q 57.Qf5+ Kg2 58.Qxf6 Qb4+ 59.Kd5 a5 60.Qd4 
Qb3+ 61.Qc4 a4 62.Kd4 Qb2+ 63.Kd3 a3 64.Qc2+ Qxc2+ 65.Kxc2 a2 66.Kb2 a1=Q+
67.Kxa1 1/2-1/2

[Event "Chessable Masters GpA"]
[Site "chess24.com INT"]
[Date "2020.06.22"]
[Round "6.1"]
[White "Harikrishna, P"]
[Black "Artemiev, V"]
[Result "0-1"]
[WhiteElo "2719"]
[BlackElo "2716"]
[EventDate "2020.06.20"]
[WhiteTitle "GM"]
[BlackTitle "GM"]
[WhiteFideId "5007003"]
[BlackFideId "24101605"]

1.e4 e5 2.Nf3 Nc6 3.Bb5 a6 4.Ba4 d6 5.O-O Bd7 6.c3 g6 7.d4 Bg7 8.Re1 Nge7 
9.dxe5 Nxe5 10.Nxe5 Bxe5 11.Nd2 Bxa4 12.Qxa4+ Qd7 13.Qb3 Qb5 14.Nf3 Bg7 
15.Qxb5+ axb5 16.e5 dxe5 17.Nxe5 O-O 18.Nd7 Rfe8 19.Kf1 Nd5 20.Rxe8+ Rxe8 
21.Nc5 Nxc3 22.Nxb7 Na4 23.Rb1 Ra8 24.a3 Ra7 25.Nd8 Ra6 26.Bf4 Bf6 27.Re1 
Kg7 28.Bxc7 Nxb2 29.Nb7 Nc4 30.g4 Rxa3 31.Nd6 Nxd6 32.Bxd6 Ra1 33.h3 Rxe1+
34.Kxe1 Bd4 35.Ke2 Kf6 36.f3 Ke6 37.Bb4 Kd5 38.Kd3 Bc5 39.Bc3 Bd6 40.Bd2 
b4 41.Be1 b3 42.Bf2 Be5 43.Be1 Kc5 44.Bd2 Kb5 45.f4 Bf6 46.f5 gxf5 47.gxf5
Ka4 0-1

[Event "Chessable Masters GpA"]
[Site "chess24.com INT"]
[Date "2020.06.22"]
[Round "9.3"]
[White "Artemiev, V"]
[Black "Grischuk, A"]
[Result "1/2-1/2"]
[WhiteElo "2716"]
[BlackElo "2777"]
[EventDate "2020.06.20"]
[WhiteTitle "GM"]
[BlackTitle "GM"]
[WhiteFideId "24101605"]
[BlackFideId "4126025"]

1.Nf3 d5 2.e3 c5 3.b3 f6 4.d4 cxd4 5.exd4 Nc6 6.c4 e5 7.dxe5 Bg4 8.Be2 
dxc4 9.O-O Qxd1 10.Rxd1 fxe5 11.Bxc4 Nf6 12.Nc3 Bc5 13.Nb5 Ke7 14.Nc7 Rad8
15.Nd5+ Nxd5 16.Bxd5 h6 17.Be3 Bxe3 18.fxe3 Bxf3 19.Bxf3 Rxd1+ 20.Rxd1 Rd8
21.Rc1 Rd2 22.Bxc6 bxc6 23.Rxc6 Rxa2 24.Kf1 Rb2 25.Ra6 Rxb3 26.Rxa7+ Kf6 
27.Kf2 Rb2+ 28.Kg3 h5 29.h4 Rb4 30.Ra2 Rg4+ 31.Kh3 Kf5 32.Ra6 Ke4 33.Re6 
g5 34.g3 gxh4 35.gxh4 Rg1 36.Rh6 Kf3 37.Kh2 Rg2+ 38.Kh3 Rg1 39.Kh2 Rg2+ 
40.Kh3 Rg3+ 41.Kh2 Rg2+ 1/2-1/2

[Event "Chessable Masters GpA"]
[Site "chess24.com INT"]
[Date "2020.06.22"]
[Round "8.3"]
[White "Grischuk, A"]
[Black "Carlsen, M"]
[Result "1/2-1/2"]
[WhiteElo "2777"]
[BlackElo "2863"]
[EventDate "2020.06.20"]
[WhiteTitle "GM"]
[BlackTitle "GM"]
[WhiteFideId "4126025"]
[BlackFideId "1503014"]

1.e4 c5 2.Nf3 Nc6 3.Bb5 e5 4.O-O Bd6 5.d4 exd4 6.c3 a6 7.Bc4 b5 8.e5 Bc7 
9.Bd5 Nge7 10.Bg5 h6 11.Bxe7 Qxe7 12.cxd4 cxd4 13.Nbd2 O-O 14.Nb3 Bb7 15.
Re1 Bb6 16.Nfxd4 Nxd4 17.Bxb7 Nxb3 18.Qxb3 Ra7 19.Bd5 Kh8 20.a4 d6 21.exd6
Qxd6 22.axb5 axb5 23.Rxa7 Bxa7 24.Qxb5 Qf4 25.Qe2 Rd8 26.Rd1 Qf5 27.Bf3 
Rxd1+ 28.Qxd1 Qc5 29.Qe1 g6 30.g3 Kg7 31.Kg2 Qc2 32.Qe5+ Kg8 33.Qe2 Qxe2 
34.Bxe2 Bc5 35.g4 g5 36.Bc4 Kf8 37.Kf3 Ke7 38.Ke2 f6 39.Kf3 Kd6 40.h3 Ke5 
41.b3 Kd4 42.Bg8 Bb4 43.Bc4 Bc5 44.Bg8 Bb4 45.Bc4 Bc5 1/2-1/2

[Event "Chessable Masters GpA"]
[Site "chess24.com INT"]
[Date "2020.06.20"]
[Round "5.2"]
[White "Artemiev, V"]
[Black "Carlsen, M"]
[Result "1/2-1/2"]
[WhiteElo "2716"]
[BlackElo "2863"]
[EventDate "2020.06.20"]
[WhiteTitle "GM"]
[BlackTitle "GM"]
[WhiteFideId "24101605"]
[BlackFideId "1503014"]

1.Nf3 d5 2.e3 c5 3.b3 a6 4.Bb2 Nc6 5.d4 Bg4 6.Be2 Bxf3 7.Bxf3 cxd4 8.exd4 
e6 9.O-O Nf6 10.c4 Be7 11.Na3 O-O 12.Nc2 Qd7 13.Qe2 Rfd8 14.Rfd1 Bf8 15.
Ne3 g6 16.a3 a5 17.Rac1 Ne7 18.g3 Bg7 19.Rc2 a4 20.b4 dxc4 21.Nxc4 Nfd5 
22.Ne5 Qe8 23.Be4 Rac8 24.Rdc1 Rxc2 25.Rxc2 Nf5 26.Bd3 Nd6 27.Rc5 b6 28.
Rc2 Rc8 29.b5 Ne7 30.Rxc8 Qxc8 31.Qd1 Qa8 32.Qc2 Nd5 33.Be2 Qa5 34.Nc6 
Qe1+ 35.Bf1 Nxb5 36.Qxa4 Nbc3 37.Bxc3 Qxc3 38.Nd8 Qc7 39.Nc6 Bf8 40.Ne5 
Kg7 41.Nc4 Be7 42.Qb3 Bf6 43.Ne3 Qc3 44.Qxc3 Nxc3 45.Nc2 Be7 46.Bc4 g5 47.
Kf1 Nb1 48.Ba2 Nxa3 49.Nxa3 Bxa3 50.g4 b5 51.Ke2 h5 52.gxh5 Bd6 53.h3 Kh6 
54.d5 e5 55.Bb1 Kxh5 56.Bf5 Kh4 57.Kd3 Bc5 58.Ke4 f6 59.Kf3 b4 60.Kg2 b3 
61.Kf1 b2 62.Kg2 Bd6 63.f3 Kh5 64.Kf1 Bc5 65.Be4 Kh6 66.Ke2 Kg7 67.Kd2 Kf7
68.Kc3 Bd4+ 69.Kc4 Ke7 70.Bf5 Kd6 71.Be4 Kc7 72.Kb5 Bf2 73.Bf5 Kd6 74.Kc4 
e4 75.Bxe4 Ke5 76.Kb3 Bd4 77.Kc2 Kd6 78.Kb1 1/2-1/2

[Event "Chessable Masters GpA"]
[Site "chess24.com INT"]
[Date "2020.06.20"]
[Round "5.1"]
[White "Harikrishna, P"]
[Black "Grischuk, A"]
[Result "1-0"]
[WhiteElo "2719"]
[BlackElo "2777"]
[EventDate "2020.06.20"]
[WhiteTitle "GM"]
[BlackTitle "GM"]
[WhiteFideId "5007003"]
[BlackFideId "4126025"]

1.e4 e5 2.Nf3 Nc6 3.Bc4 Bc5 4.c3 Nf6 5.d3 d6 6.a4 a5 7.Bg5 h6 8.Bh4 g5 9.
Bg3 O-O 10.Nbd2 Nh5 11.h3 Qf6 12.Qe2 Kh8 13.Bh2 Nf4 14.Bxf4 gxf4 15.g4 Bd7
16.O-O-O Rg8 17.Rdg1 Rg7 18.Rg2 Rag8 19.Rhg1 Ba7 20.Nh2 Nd8 21.h4 Qxh4 22.
Ndf3 Qe7 23.g5 Ne6 24.Ng4 hxg5 25.Nh6 Rh7 26.Nxg8 Kxg8 27.Nxg5 f3 28.Qxf3 
1-0

[Event "Chessable Masters GpA"]
[Site "chess24.com INT"]
[Date "2020.06.20"]
[Round "4.3"]
[White "Grischuk, A"]
[Black "Artemiev, V"]
[Result "1/2-1/2"]
[WhiteElo "2777"]
[BlackElo "2716"]
[EventDate "2020.06.20"]
[WhiteTitle "GM"]
[BlackTitle "GM"]
[WhiteFideId "4126025"]
[BlackFideId "24101605"]

1.d4 d5 2.c4 c6 3.Nf3 Nf6 4.Nc3 e6 5.Bg5 Nbd7 6.e3 Qa5 7.Nd2 Bb4 8.Rc1 O-O
9.Be2 Bxc3 10.bxc3 dxc4 11.Bxf6 Nxf6 12.Nxc4 Qc7 13.O-O b6 14.Bf3 Rd8 15.
Qb3 Ba6 16.Rfd1 Rac8 17.Ne5 Bb7 18.c4 c5 19.Bxb7 Qxb7 20.a4 Qc7 21.h3 h6 
22.a5 bxa5 23.Qa3 Ne4 24.Qd3 Nf6 25.Qa3 cxd4 26.exd4 Nd7 27.Nf3 Nb6 28.c5 
Nd5 29.Ra1 Nb4 30.Qxa5 Qxa5 31.Rxa5 Nc6 32.Ra6 Rc7 33.Rd2 Rd5 34.Kf1 g5 
35.Ke2 e5 36.dxe5 Rxc5 37.g3 Kg7 38.Kf1 Rb7 39.Kg2 Rb6 40.Raa2 a5 41.Rd6 
Rb7 42.e6 Re7 43.exf7 Rxf7 44.Nd4 Nxd4 45.Rxd4 Ra7 46.h4 1/2-1/2

[Event "Chessable Masters GpA"]
[Site "chess24.com INT"]
[Date "2020.06.20"]
[Round "3.3"]
[White "Carlsen, M"]
[Black "Grischuk, A"]
[Result "1/2-1/2"]
[WhiteElo "2863"]
[BlackElo "2777"]
[EventDate "2020.06.20"]
[WhiteTitle "GM"]
[BlackTitle "GM"]
[WhiteFideId "1503014"]
[BlackFideId "4126025"]

1.d4 Nf6 2.c4 e6 3.Nc3 Bb4 4.Nf3 O-O 5.Bg5 c5 6.e3 cxd4 7.exd4 d5 8.cxd5 
exd5 9.Be2 h6 10.Bxf6 Qxf6 11.O-O Bxc3 12.bxc3 Nc6 13.Nd2 Be6 14.Re1 Rfc8 
15.Nf1 Na5 16.Rc1 Nc4 17.Qb3 b6 18.Bxc4 Rxc4 19.Ne3 Rc6 20.Qa3 Qd8 21.c4 
dxc4 22.d5 Bxd5 23.Rcd1 Rc5 24.Qc3 Qd7 25.Rd4 Re8 26.Red1 Rxe3 27.Qxe3 c3 
28.f3 Qc6 29.Qd3 c2 30.Rc1 Rc3 31.Qf5 Qe8 32.Qf4 Bxa2 33.Qd2 Qc6 34.Ra4 
Qc5+ 35.Kh1 Be6 36.Rxa7 b5 37.Ra5 Rc4 38.h3 Qc6 39.Qd8+ Kh7 40.Qd3+ g6 41.
Qd8 b4 42.Ra8 Bc8 43.Rb8 Kg7 44.Rb6 Qc7 45.Qxc7 Rxc7 46.Rxb4 g5 47.g4 Rc3 
48.Kg2 Bd7 49.Rb2 Bc6 50.Rbxc2 Bxf3+ 51.Kg3 Rxc2 52.Rxc2 Bd5 53.Rc5 Be6 
54.h4 1/2-1/2

[Event "Chessable Masters GpA"]
[Site "chess24.com INT"]
[Date "2020.06.20"]
[Round "2.1"]
[White "Harikrishna, P"]
[Black "Carlsen, M"]
[Result "0-1"]
[WhiteElo "2719"]
[BlackElo "2863"]
[EventDate "2020.06.20"]
[WhiteTitle "GM"]
[BlackTitle "GM"]
[WhiteFideId "5007003"]
[BlackFideId "1503014"]

1.e4 c5 2.Nf3 Nc6 3.d4 cxd4 4.Nxd4 Nf6 5.Nc3 e5 6.Ndb5 d6 7.Bg5 a6 8.Na3 
b5 9.Nd5 Be7 10.Bxf6 Bxf6 11.c4 b4 12.Nc2 a5 13.g3 g6 14.Nxf6+ Qxf6 15.Bg2
O-O 16.O-O Bb7 17.Qd2 Nb8 18.Rfd1 Ra6 19.Qe3 Nd7 20.a3 Rb6 21.axb4 axb4 
22.Ra4 b3 23.Ne1 Nc5 24.Ra3 Ra6 25.Rxa6 Bxa6 26.Bf1 Rc8 27.Nf3 Bb7 28.Nd2 
Bc6 29.Ra1 Rb8 30.Ra3 Ba4 31.h4 h5 32.Be2 Kg7 33.Nb1 Qd8 34.Nd2 Ra8 35.Kh2
Ne6 36.Nf3 Bc6 37.Rxa8 Qxa8 38.Qxb3 Bxe4 39.Qe3 Bb7 40.c5 Nxc5 41.Nxe5 Qa1
42.Nf3 Qxb2 43.Ng5 Bd5 44.Bf3 Bxf3 45.Qxf3 Qf6 46.Qe3 Ne6 47.Nf3 Qf5 48.
Kg2 Qd5 49.Kg1 Kf6 50.Qc3+ Ke7 51.Qe3 Qc5 52.Qd3 Qc1+ 53.Kg2 Qc6 54.Kg1 
Nc5 55.Qe3+ Qe4 56.Qc3 Ne6 57.Qa3 Ke8 58.Kg2 g5 59.Kg1 g4 60.Ng5 Nxg5 61.
hxg5 Qe1+ 62.Kg2 Qe5 63.Qa8+ Ke7 64.Qg8 Qe4+ 65.Kg1 Qg6 66.Qc8 Qb1+ 67.Kh2
Qb6 68.Kg2 Qc5 69.Qg8 Qf5 70.Qb8 Qe4+ 71.Kg1 d5 72.Qc7+ Kf8 73.Qd8+ Kg7 
74.Qf6+ Kg8 75.Qd8+ Kh7 76.Qf6 Qg6 77.Qf4 Qe6 78.Qd4 Kg6 79.Kf1 Kxg5 80.
Qg7+ Kf5 81.Qh8 Ke4 82.Qxh5 Kd3 83.Qh7+ Qe4 84.Qh6 Kc2 85.Qc6+ Qc4+ 0-1

[Event "Chessable Masters GpA"]
[Site "chess24.com INT"]
[Date "2020.06.20"]
[Round "1.1"]
[White "Artemiev, V"]
[Black "Harikrishna, P"]
[Result "1-0"]
[WhiteElo "2716"]
[BlackElo "2719"]
[EventDate "2020.06.20"]
[WhiteTitle "GM"]
[BlackTitle "GM"]
[WhiteFideId "24101605"]
[BlackFideId "5007003"]

1.Nf3 Nf6 2.c4 c5 3.Nc3 Nc6 4.d4 cxd4 5.Nxd4 e6 6.e4 Bb4 7.Nxc6 bxc6 8.Bd3
e5 9.O-O O-O 10.h3 d6 11.Be3 Bxc3 12.bxc3 Nd7 13.Qd2 Nc5 14.Bc2 Be6 15.
Rfd1 Nb7 16.c5 dxc5 17.Qxd8 Rfxd8 18.Rxd8+ Rxd8 19.Rb1 Nd6 20.a4 Nc4 21.
Bxc5 a5 22.Be7 Rc8 23.Rb7 h6 24.Kf1 c5 25.Ke1 Rc6 26.Rb5 Na3 27.Rb8+ Kh7 
28.Bb3 Bxb3 29.Rxb3 Nc4 30.Rb5 Rc7 31.Bxc5 f6 32.Ke2 Rd7 33.Be3 Rc7 34.Kd3
Nxe3 35.fxe3 Rd7+ 36.Kc2 Kg6 37.Rxa5 Kg5 38.g3 h5 39.Rd5 Rc7 40.a5 1-0

[Event "Chessable Masters Final 8"]
[Site "chess24.com INT"]
[Date "2020.07.01"]
[Round "2.24"]
[White "Nepomniachtchi, I"]
[Black "Giri, A"]
[Result "1/2-1/2"]
[WhiteElo "2784"]
[BlackElo "2764"]
[EventDate "2020.06.25"]
[WhiteTitle "GM"]
[BlackTitle "GM"]
[WhiteFideId "4168119"]
[BlackFideId "24116068"]

1.e4 e5 2.Nf3 d6 3.d4 exd4 4.Qxd4 Nc6 5.Bb5 Bd7 6.Qd3 Nf6 7.Nc3 Be7 8.a3 
O-O 9.O-O a6 10.Bc4 Ng4 11.Ba2 Nge5 12.Nxe5 Nxe5 13.Qe2 Bf6 14.Nd5 Bb5 15.
c4 Bc6 16.Be3 Re8 17.Rac1 Nd7 18.Nxf6+ Qxf6 19.f3 a5 20.b3 b6 21.Qf2 Nc5 
22.Rfd1 Qg6 23.b4 axb4 24.axb4 Nd7 25.c5 dxc5 26.bxc5 b5 27.Bf4 Ne5 28.Bd5
h6 29.Qg3 Qxg3 30.Bxg3 Ra6 31.Rb1 g5 32.Bxc6 Rxc6 33.Rxb5 Kg7 34.Rd5 Ng6 
35.Rb7 Ne7 36.Rd7 Rxc5 37.Bxc7 Rc1+ 38.Kf2 Rc2+ 39.Kf1 Kg6 40.Rd6+ Kg7 
1/2-1/2

[Event "Chessable Masters Final 8"]
[Site "chess24.com INT"]
[Date "2020.06.26"]
[Round "1.15"]
[White "Grischuk, A"]
[Black "Giri, A"]
[Result "1/2-1/2"]
[WhiteElo "2777"]
[BlackElo "2764"]
[EventDate "2020.06.25"]
[WhiteTitle "GM"]
[BlackTitle "GM"]
[WhiteFideId "4126025"]
[BlackFideId "24116068"]

1.d4 d5 2.c4 dxc4 3.Nf3 Nf6 4.e3 e6 5.Bxc4 c5 6.O-O a6 7.e4 Nxe4 8.d5 Be7 
9.dxe6 Bxe6 10.Qxd8+ Bxd8 11.Bxe6 fxe6 12.Re1 Nf6 13.Rxe6+ Kd7 14.Re1 Nc6 
15.Nc3 Ba5 16.Rd1+ Ke6 17.Be3 Bxc3 18.bxc3 Ne4 19.Re1 Kf6 20.c4 b5 21.cxb5
axb5 22.Bxc5 Nxc5 23.Rec1 Rhc8 24.Rxc5 Nd4 25.Rd5 Nxf3+ 26.gxf3 Rc2 27.
Rxb5 Raxa2 28.Rxa2 Rxa2 29.Kg2 g6 30.h4 h5 31.Kg3 Ra4 32.Rb6+ Kf5 33.Rb5+ 
Kf6 34.Rb6+ Kf5 35.Rb5+ Kf6 1/2-1/2

[Event "Chessable Masters Final 8"]
[Site "chess24.com INT"]
[Date "2020.07.04"]
[Round "3.24"]
[White "Giri, A"]
[Black "Carlsen, M"]
[Result "1/2-1/2"]
[WhiteElo "2764"]
[BlackElo "2863"]
[EventDate "2020.06.25"]
[WhiteTitle "GM"]
[BlackTitle "GM"]
[WhiteFideId "24116068"]
[BlackFideId "1503014"]

1.d4 Nf6 2.c4 e6 3.Nf3 d5 4.Nc3 c6 5.Bg5 Nbd7 6.e3 Qa5 7.Nd2 dxc4 8.Bxf6 
Nxf6 9.Nxc4 Qc7 10.Rc1 Be7 11.g3 O-O 12.Bg2 Rd8 13.O-O Bd7 14.e4 b5 15.Ne3
Qb6 16.e5 Nd5 17.Ne4 Be8 18.a3 a5 19.Qd3 Ra7 20.Nc5 a4 21.Be4 h6 22.Rfd1 
Qb8 23.Qe2 b4 24.Ng4 bxa3 25.bxa3 Bxc5 26.Rxc5 Rb7 27.Bc2 Ne7 28.Nf6+ Kf8 
29.Qg4 Rb5 30.Nh5 g6 31.Qf4 Nf5 32.Rxb5 Qxb5 33.Bxf5 g5 34.Qf3 exf5 35.
Qxf5 Qe2 36.Rc1 Qxh5 37.Qf6 Rxd4 38.Qh8+ Ke7 39.Qf6+ Kf8 40.Qh8+ Ke7 41.
Qf6+ Kf8 1/2-1/2

[Event "Chessable Masters Final 8"]
[Site "chess24.com INT"]
[Date "2020.06.30"]
[Round "2.11"]
[White "Nepomniachtchi, I"]
[Black "Giri, A"]
[Result "1/2-1/2"]
[WhiteElo "2784"]
[BlackElo "2764"]
[EventDate "2020.06.25"]
[WhiteTitle "GM"]
[BlackTitle "GM"]
[WhiteFideId "4168119"]
[BlackFideId "24116068"]

1.c4 e5 2.Nc3 Nf6 3.Nf3 Nc6 4.d4 exd4 5.Nxd4 Bb4 6.g3 Bxc3+ 7.bxc3 O-O 8.
Bg2 Ne5 9.c5 d6 10.cxd6 Qxd6 11.O-O Rd8 12.Qc2 c5 13.Nb3 Rb8 14.Bf4 Qc7 
15.Rad1 Be6 16.Na5 Nd5 17.Bxd5 Rxd5 18.Rxd5 Bxd5 19.Rd1 Be6 20.Nxb7 Qxb7 
21.Bxe5 Re8 22.Bf4 h6 23.Qa4 Rc8 24.f3 Qb2 25.Kf2 Qxc3 26.Qxa7 Qc2 27.Rd2 
Qb1 28.Qa6 Bh3 29.e4 Qh1 30.Qe2 Qxh2+ 31.Ke3 Qg1+ 32.Qf2 Qc1 33.Qe2 Qg1+ 
34.Qf2 Qa1 35.Qe2 Be6 36.Qd1 Qxd1 37.Rxd1 Bxa2 38.Rd7 Be6 39.Rc7 Rxc7 40.
Bxc7 c4 41.f4 f5 42.exf5 Bxf5 43.Kd4 Be6 44.f5 Bxf5 45.Kxc4 Kf7 1/2-1/2

[Event "Chessable Masters Final 8"]
[Site "chess24.com INT"]
[Date "2020.06.27"]
[Round "1.21"]
[White "Caruana, F"]
[Black "Carlsen, M"]
[Result "1/2-1/2"]
[WhiteElo "2835"]
[BlackElo "2863"]
[EventDate "2020.06.25"]
[WhiteTitle "GM"]
[BlackTitle "GM"]
[WhiteFideId "2020009"]
[BlackFideId "1503014"]

1.d4 Nf6 2.c4 e6 3.Nc3 Bb4 4.e3 O-O 5.Bd2 d5 6.Nf3 b6 7.cxd5 exd5 8.Bd3 
Ba6 9.Bxa6 Nxa6 10.Qa4 Qc8 11.Rc1 Re8 12.O-O Bf8 13.Ne2 c5 14.dxc5 Nxc5 
15.Qc2 Qa6 16.Bc3 Nfe4 17.a3 Rac8 18.Rcd1 Na4 19.Rxd5 Naxc3 20.Nxc3 Nxc3 
21.bxc3 Qxa3 22.c4 Red8 23.Rxd8 Rxd8 24.Nd4 g6 25.g3 Rc8 26.Rb1 Bg7 27.Nb5
Qe7 28.Qa4 a5 29.Nd4 Qd6 30.Qb3 Bxd4 31.exd4 Qxd4 32.Qxb6 Qxb6 33.Rxb6 
Rxc4 34.Ra6 a4 35.h4 Kf8 36.Ra7 Kg7 37.Ra6 Rc1+ 38.Kg2 Ra1 39.g4 a3 40.g5 
Kf8 41.Ra7 Ke8 42.Kh2 Kd8 43.Rxf7 Rf1 44.Ra7 Rxf2+ 45.Kg3 Ra2 46.Rxh7 Ra1 
47.Ra7 a2 48.Kg2 Ke8 49.Kh2 Kf8 50.Kg2 Kg8 51.Kh2 Kh8 52.Kg2 Kg8 53.Kh2 
Kh8 54.Kg2 Kg8 1/2-1/2

[Event "Chessable Masters Final 8"]
[Site "chess24.com INT"]
[Date "2020.07.01"]
[Round "2.21"]
[White "Ding Liren"]
[Black "Carlsen, M"]
[Result "0-1"]
[WhiteElo "2791"]
[BlackElo "2863"]
[EventDate "2020.06.25"]
[WhiteTitle "GM"]
[BlackTitle "GM"]
[WhiteFideId "8603677"]
[BlackFideId "1503014"]

1.d4 Nf6 2.c4 g6 3.Nc3 Bg7 4.e4 d6 5.Nf3 O-O 6.h3 e5 7.d5 Na6 8.Bg5 Bd7 9.
Nd2 c6 10.Be2 Qb6 11.Rb1 Kh8 12.O-O c5 13.a3 Qd8 14.b4 b6 15.Nb5 Qe7 16.
Re1 h6 17.Bh4 Rfc8 18.Bd3 Qf8 19.Nf1 Nh5 20.Ne3 Bf6 21.Bxf6+ Nxf6 22.Nc3 
Qe7 23.Bc2 Nb8 24.Qd2 Kg7 25.Kh2 cxb4 26.axb4 a5 27.Ra1 Na6 28.bxa5 bxa5 
29.Rxa5 Nc5 30.Rea1 Rxa5 31.Rxa5 Qd8 32.Ra3 Rb8 33.f3 Nh7 34.Ne2 Qh4 35.
Ra1 Nf6 36.Qe1 Qg5 37.Ra3 Nh5 38.g3 Qd8 39.Qa1 Nf6 40.f4 Qe7 41.Nc3 Kh7 
42.f5 Kg7 43.Ra7 g5 44.Kg2 Qd8 45.Kf3 h5 46.Qc1 Qb6 47.Ra1 Rg8 48.Qd2 Qd8 
49.Rg1 Rh8 50.h4 g4+ 51.Ke2 Kh7 52.Rb1 Qa5 53.Ned1 Rg8 54.Nf2 Qa6 55.Nb5 
Rb8 56.Bd3 Bxb5 57.cxb5 Qa4 58.Qb4 Qa2+ 59.Qb2 Qa4 60.Qb4 Qa2+ 61.Rb2 Qa1 
62.Rb1 Qa7 63.Qd2 Nxd3 64.Qxd3 Qa2+ 65.Kf1 Rc8 66.Qb3 Rc1+ 0-1

[Event "Chessable Masters Final 8"]
[Site "chess24.com INT"]
[Date "2020.06.28"]
[Round "1.22"]
[White "Grischuk, A"]
[Black "Giri, A"]
[Result "0-1"]
[WhiteElo "2777"]
[BlackElo "2764"]
[EventDate "2020.06.25"]
[WhiteTitle "GM"]
[BlackTitle "GM"]
[WhiteFideId "4126025"]
[BlackFideId "24116068"]

1.d4 d5 2.c4 c6 3.Nf3 Nf6 4.Nc3 dxc4 5.a4 Bf5 6.Ne5 Nbd7 7.Nxc4 Nb6 8.Ne5 
a5 9.f3 Nfd7 10.Nxd7 Bxd7 11.e4 e6 12.Be2 Bb4 13.O-O O-O 14.Kh1 h6 15.Be3 
Rc8 16.Qb3 c5 17.Rfd1 Qe7 18.dxc5 Bxc5 19.Nb5 Bxe3 20.Qxe3 Qc5 21.Qxc5 
Rxc5 22.b3 Rfc8 23.Kg1 Kf8 24.Nd6 R8c7 25.Nb5 Rc8 26.Nd6 R8c7 27.Nb5 Bxb5 
28.axb5 Rc2 29.Bf1 Rb2 30.Rd6 Nc8 31.b6 Rc5 32.Rd7 Rxb3 33.Rxb7 Rxb6 34.
Rd7 g5 35.h3 Rb2 36.Rd4 Ne7 37.Rd8+ Kg7 38.Rd7 Ng6 39.Ra7 Nh4 40.Rd1 Kg6 
41.Kh1 Rcc2 42.e5 Rf2 43.Bd3+ Kg7 44.Be4 Rxg2 45.f4 Rh2+ 46.Kg1 Rhe2 0-1